Statistics for Codeword Puzzle #2 - Map Quiz

Click here to take the quiz!

General Stats

  • This quiz has been taken 1,219 times
  • The average score is 12 of 26

Answers on the Map

Answers color-coded by a green-red scale on the quiz's map according to % correct below.
 

Answer Stats

Answer% Correct
N
80%
O
74%
K
73%
W
73%
A
62%
E
57%
Y
51%
H
48%
I
48%
G
45%
R
45%
U
44%
T
43%
B
42%
M
41%
J
40%
L
40%
P
39%
V
39%
C
38%
Q
38%
X
38%
Z
37%
D
36%
F
36%
S
34%

Score Distribution

Percentile by Number Answered

Percent of People with Each Score

Your Score History

You have not taken this quiz